[Event "11. Lichtenberger Sommer"]
[Site "Berlin"]
[Date "2012.08.20"]
[Round "3.47"]
[White "Badestein, Hartmut"]
[Black "Baatz, Karl-Heinz"]
[Result "1-0"]
[WhiteElo "2099"]
[BlackElo "1807"]
[PlyCount "62"]
[EventDate "2012.??.??"]
[WhiteTeam "SC Friesen Lichtenberg e.V."]
[BlackTeam "SF Friedrichshagen"]

1. e4 Nf6 2. e5 Nd5 3. d4 d6 4. c4 Nb6 5. exd6 exd6 6. Bd3 Nc6 7. Be3 Nb4 8.
Be2 Bf5 9. Na3 c5 10. Nf3 Be7 11. O-O O-O 12. Qd2 Rc8 13. Rfc1 Qd7 14. h3 Qe6
15. d5 Qg6 16. Kh1 Bf6 17. Nb5 Rcd8 18. Bf4 Nc8 19. Na3 Rfe8 20. Bf1 Bd3 21.
Bg5 Bxg5 22. Nxg5 Re7 23. Re1 Bxf1 24. Rxf1 Nd3 25. Rad1 Nxb2 26. Rde1 Nd3 27.
Rxe7 Nxe7 28. Nf3 h6 29. Rd1 Nf4 30. Re1 Qf6 31. Nb5 Nc8 1-0

[Event "11. Lichtenberger Sommer"]
[Site "Berlin"]
[Date "2012.08.20"]
[Round "3.49"]
[White "Sabrowski, Uwe"]
[Black "Schmalzried, Volker"]
[Result "0-1"]
[WhiteElo "2114"]
[BlackElo "1858"]
[PlyCount "58"]
[EventDate "2012.??.??"]
[WhiteTeam "SC Friesen Lichtenberg e.V."]
[BlackTeam "Umweltbundesamt"]

1. d4 g6 2. c4 Bg7 3. Nc3 c5 4. d5 d6 5. e4 Nf6 6. f4 O-O 7. Nf3 Na6 8. Be2 Nc7
9. O-O a6 10. a4 Rb8 11. Ra3 e6 12. Rb3 exd5 13. cxd5 Re8 14. Nd2 b5 15. axb5
axb5 16. Nxb5 Nxe4 17. Nxe4 Nxb5 18. Nxd6 Qxd6 19. Bxb5 Rxb5 20. Rxb5 Ba6 21.
Rb3 Bd4+ 22. Kh1 Bxf1 23. Qxf1 Qxd5 24. Rf3 Rb8 25. Qe2 Bxb2 26. Bxb2 Rxb2 27.
Qe8+ Kg7 28. Qe1 Rd2 29. Rf1 Qxg2# 0-1

[Event "11. Lichtenberger Sommer"]
[Site "Berlin"]
[Date "2012.08.20"]
[Round "3.50"]
[White "Schubert, Joachim"]
[Black "Mai, Andreas"]
[Result "1/2-1/2"]
[WhiteElo "1771"]
[BlackElo "1990"]
[PlyCount "78"]
[EventDate "2012.??.??"]
[WhiteTeam "SC Friesen Lichtenberg e.V."]
[BlackTeam "SC Friesen Lichtenberg e.V."]

1. e4 d6 2. d4 Nf6 3. Nc3 g6 4. Be2 Bg7 5. h4 h5 6. Nh3 Bxh3 7. Rxh3 c6 8. a4
Nbd7 9. Bf4 Qa5 10. Kf1 Rd8 11. Rb1 Qc7 12. b4 O-O 13. Qc1 e5 14. dxe5 Nxe5 15.
Bh6 Rfe8 16. Bxg7 Kxg7 17. Qf4 Qd7 18. f3 Qe6 19. Re1 d5 20. exd5 Nxd5 21. Qd4
Nb6 22. Qf4 Nec4 23. Kf2 Rd2 24. a5 Nd5 25. Qxc4 Qe3+ 26. Kf1 Qxc3 27. Qxc3+
Nxc3 28. Bd3 Rxe1+ 29. Kxe1 Rxg2 30. Kf1 Rd2 31. f4 Rd1+ 32. Kf2 Nd5 33. Rf3
Nxb4 34. Be4 Nxc2 35. Rb3 Rd2+ 36. Kf1 b5 37. axb6 axb6 38. Rxb6 Nd4 39. Rb4
Ne6 1/2-1/2

[Event "11. Lichtenberger Sommer"]
[Site "Berlin"]
[Date "2012.08.20"]
[Round "3.51"]
[White "Albinus, Günter"]
[Black "Konrad, Erhard"]
[Result "1/2-1/2"]
[WhiteElo "1819"]
[BlackElo "1956"]
[PlyCount "27"]
[EventDate "2012.??.??"]
[WhiteTeam "SG Weißensee 49 e.V."]
[BlackTeam "SG Lasker Steglitz-Wilmersdorf"]

1. Nf3 e6 2. b3 f5 3. Bb2 Nf6 4. e3 d5 5. Be2 Bd6 6. O-O Nbd7 7. Nd4 Nf8 8. f4
Ng6 9. Nf3 O-O 10. Qe1 Qe7 11. d4 c6 12. Ne5 Ne4 13. Qc1 Bd7 14. Nd2 1/2-1/2

[Event "11. Lichtenberger Sommer"]
[Site "Berlin"]
[Date "2012.08.20"]
[Round "3.52"]
[White "Guenther, Thomas"]
[Black "Radjenovic, Branko"]
[Result "1-0"]
[WhiteElo "2085"]
[BlackElo "1845"]
[PlyCount "97"]
[EventDate "2012.??.??"]
[WhiteTeam "SV Senat e.V."]
[BlackTeam "SK Dragojle Babic"]

1. d4 Nf6 2. Nf3 g6 3. c4 Bg7 4. Nc3 d6 5. e4 O-O 6. Be2 Nbd7 7. Be3 e5 8. d5
Ng4 9. Bg5 f6 10. Bh4 a5 11. Nd2 Nh6 12. f3 g5 13. Bf2 Nc5 14. Rb1 f5 15. O-O
f4 16. b3 Nd7 17. a3 b6 18. b4 Qe7 19. Nb5 Nf6 20. c5 bxc5 21. bxc5 Ne8 22. c6
Nf6 23. Na7 Nf7 24. Nxc8 Rfxc8 25. Rb7 h5 26. Qa4 Nd8 27. Rfb1 Qe8 28. R7b5 g4
29. Rxa5 Nf7 30. Rb7 Rxa5 31. Qxa5 Qd8 32. Qb4 Bh6 33. Ba7 Ne8 34. Rb8 Rxb8 35.
Qxb8 Qe7 36. Qc8 gxf3 37. Nxf3 Kf8 38. Bf2 Ng5 39. Qf5+ Kg7 40. Nxg5 Bxg5 41.
Bxh5 Bf6 42. Qd7 Kf8 43. Bxe8 Qxe8 44. Qxe8+ Kxe8 45. a4 Kd8 46. h4 Kc8 47. Kh2
Kb8 48. Kh3 Bg7 49. Kg4 1-0

[Event "11. Lichtenberger Sommer"]
[Site "Berlin"]
[Date "2012.08.20"]
[Round "3.53"]
[White "Schindler, Rudolf"]
[Black "Poseck, Steffen"]
[Result "0-1"]
[WhiteElo "1767"]
[BlackElo "2076"]
[PlyCount "64"]
[EventDate "2012.??.??"]
[WhiteTeam "SG Lasker Steglitz-Wilmersdorf"]
[BlackTeam "BSV 63 Chemie Weißensee"]

1. Nf3 c5 2. e4 Nc6 3. g3 g6 4. Bg2 Bg7 5. O-O e6 6. Qe2 d6 7. d3 Nge7 8. Re1
Rb8 9. h4 h5 10. Nbd2 b5 11. a3 a5 12. Rb1 b4 13. axb4 axb4 14. Nc4 e5 15. Qf1
O-O 16. Bg5 f6 17. Bd2 Be6 18. Re2 Bg4 19. c3 f5 20. exf5 Rxf5 21. Re3 d5 22.
d4 cxd4 23. cxd4 exd4 24. Rb3 dxc4 25. Qxc4+ Qd5 26. Qd3 Na5 27. Rxb4 Rxb4 28.
Bxb4 Bxf3 29. Bxf3 Rxf3 30. Qa6 Nac6 31. Be1 d3 32. Bd2 Bd4 0-1

[Event "11. Lichtenberger Sommer"]
[Site "Berlin"]
[Date "2012.08.20"]
[Round "3.54"]
[White "Hübner, Alan-Ari"]
[Black "Costello, Colin"]
[Result "1/2-1/2"]
[WhiteElo "1728"]
[BlackElo "1956"]
[PlyCount "55"]
[EventDate "2012.??.??"]
[WhiteTeam "TuS Makkabi Berlin e.V."]
[BlackTeam "SC Weisse Dame e.V."]

1. d4 Nf6 2. c4 e6 3. Nf3 Bb4+ 4. Bd2 Be7 5. Nc3 d5 6. cxd5 exd5 7. Bg5 O-O 8.
e3 Nbd7 9. Bd3 Re8 10. Qc2 c5 11. dxc5 Nxc5 12. O-O Nxd3 13. Qxd3 Be6 14. Rfd1
Rc8 15. Rab1 Rc5 16. b4 Rxc3 17. Qxc3 Ne4 18. Bxe7 Nxc3 19. Bxd8 Rxd8 20. a3
Rc8 21. Kf1 Nxb1 22. Rxb1 Rc3 23. Ra1 Bf5 24. Nd4 Bd3+ 25. Ke1 Rc8 26. Kd2 Bc4
27. Rc1 g6 28. a4 1/2-1/2

[Event "11. Lichtenberger Sommer"]
[Site "Berlin"]
[Date "2012.08.20"]
[Round "3.55"]
[White "Penner, Markus"]
[Black "Möller, Dustin"]
[Result "1/2-1/2"]
[WhiteElo "1998"]
[BlackElo "1838"]
[PlyCount "64"]
[EventDate "2012.??.??"]
[WhiteTeam "SK Zehlendorf e.V."]
[BlackTeam "Eckernförder SC von 1921"]

1. e4 e6 2. d4 d5 3. Nc3 Bb4 4. e5 c5 5. a3 Bxc3+ 6. bxc3 Ne7 7. Nf3 Nbc6 8.
Be2 Qa5 9. O-O Bd7 10. a4 f6 11. Ba3 fxe5 12. Bxc5 e4 13. Bb4 Qc7 14. Nd2 Rc8
15. Bxe7 Nxe7 16. c4 Nf5 17. Nb3 b6 18. c5 bxc5 19. Nxc5 Nxd4 20. Qxd4 Qxc5 21.
Qxg7 Qf8 22. Bh5+ Kd8 23. Qd4 Rxc2 24. Rac1 Ra2 25. Qxa7 Rxa4 26. Qb6+ Ke7 27.
Rc7 Qb8 28. Qc5+ Kd8 29. Rc1 Rc4 30. Rxc4 dxc4 31. Rxd7+ Kxd7 32. Qd4+ Ke7
1/2-1/2

[Event "11. Lichtenberger Sommer"]
[Site "Berlin"]
[Date "2012.08.20"]
[Round "3.56"]
[White "Breitwieser, Jasmin"]
[Black "Zesewitz, Martin"]
[Result "1/2-1/2"]
[WhiteElo "1938"]
[BlackElo "1870"]
[PlyCount "90"]
[EventDate "2012.??.??"]
[WhiteTeam "Sfr. Frankfurt 1921"]
[BlackTeam "SF Friedrichshagen"]

1. d4 f5 2. Nf3 Nf6 3. g3 e6 4. Bg2 Be7 5. O-O O-O 6. c4 d6 7. b3 Nbd7 8. Bb2
Ne4 9. Nbd2 Ndf6 10. Ne1 c6 11. f3 Ng5 12. Nd3 d5 13. Qc2 a5 14. Rae1 Bb4 15.
a3 Be7 16. e4 fxe4 17. fxe4 dxe4 18. Nxe4 Nfxe4 19. Rxf8+ Qxf8 20. Bxe4 Nxe4
21. Rxe4 e5 22. Rxe5 Bh3 23. Nf4 Bg4 24. h3 g5 25. hxg4 gxf4 26. Rf5 Qg7 27.
Rxf4 Rf8 28. d5 Bf6 29. Bxf6 Rxf6 30. Rxf6 Qxf6 31. dxc6 Qd4+ 32. Kg2 bxc6 33.
Qe2 Qd7 34. Kh3 c5 35. Qe4 Qd1 36. Qe8+ Kg7 37. Qe5+ Kg8 38. Qg5+ Kf7 39. Qf4+
Kg6 40. Qe4+ Kg7 41. Kh4 Qd8+ 42. g5 Qc7 43. Qf4 Qb7 44. Kg4 Qd7+ 45. Kh5 Qd1+
1/2-1/2

[Event "11. Lichtenberger Sommer"]
[Site "Berlin"]
[Date "2012.08.20"]
[Round "3.57"]
[White "Barwich, Alfred"]
[Black "Lübke, Thomas"]
[Result "0-1"]
[WhiteElo "2011"]
[BlackElo "1990"]
[PlyCount "50"]
[EventDate "2012.??.??"]
[WhiteTeam "SV Berolina Mitte e.V."]
[BlackTeam "FVS ASP Hoyerswerda"]

1. d4 Nf6 2. c4 e6 3. Nc3 Bb4 4. Qc2 b6 5. a3 Bxc3+ 6. Qxc3 Bb7 7. Bg5 O-O 8.
f3 d5 9. e3 h6 10. Bh4 g5 11. Bf2 c5 12. O-O-O Nbd7 13. Be2 Rc8 14. Qe1 cxd4
15. Rxd4 e5 16. Rd2 dxc4 17. Rc2 b5 18. e4 Nc5 19. Bxc5 Rxc5 20. Rd2 Qc7 21.
Rc2 a5 22. Nh3 Rb8 23. Nf2 b4 24. axb4 axb4 25. Qxb4 Bxe4 0-1

[Event "11. Lichtenberger Sommer"]
[Site "Berlin"]
[Date "2012.08.20"]
[Round "3.58"]
[White "Rehder, Frank"]
[Black "Eichler, Jan-Christoph"]
[Result "1/2-1/2"]
[WhiteElo "1879"]
[BlackElo "2095"]
[PlyCount "75"]
[EventDate "2012.??.??"]
[WhiteTeam "SC Zugzwang 95 e.V."]
[BlackTeam "Schachclub Oranienburg e.V."]

1. d4 Nf6 2. Nf3 g6 3. c4 Bg7 4. Nc3 d5 5. e3 O-O 6. Bd3 c5 7. O-O Nc6 8. cxd5
Nxd5 9. Nxd5 Qxd5 10. e4 Qd6 11. dxc5 Qxc5 12. Be3 Qd6 13. Rb1 Rd8 14. Bc4 Qxd1
15. Rfxd1 Bg4 16. Rxd8+ Rxd8 17. Bd5 Bd7 18. b4 e6 19. Bc4 e5 20. Ng5 Be8 21.
Bd5 b5 22. Nxf7 Bxf7 23. Bxc6 Bxa2 24. Rc1 a6 25. g3 Bf8 26. Ra1 Bc4 27. Rxa6
Bxb4 28. Rb6 Ba5 29. Rb7 b4 30. Bb5 Be6 31. Ba4 Rd3 32. Bh6 b3 33. Rb8+ Rd8 34.
Rb5 Rd3 35. Bxb3 Rxb3 36. Rxa5 Bh3 37. Ra1 Kf7 38. Bg5 1/2-1/2

[Event "11. Lichtenberger Sommer"]
[Site "Berlin"]
[Date "2012.08.20"]
[Round "3.59"]
[White "Kohlmeyer, Dagobert"]
[Black "Kutzner, Stephen"]
[Result "0-1"]
[WhiteElo "1895"]
[BlackElo "2036"]
[PlyCount "86"]
[EventDate "2012.??.??"]
[WhiteTeam "SC Rochade e.V."]
[BlackTeam "Godesberger Schachklub 1929 e.V."]

1. e4 c5 2. Nf3 Nc6 3. d4 cxd4 4. Nxd4 Nf6 5. Nc3 e5 6. Ndb5 d6 7. Nd5 Nxd5 8.
exd5 Nb8 9. Be2 Nd7 10. O-O g6 11. Be3 a6 12. Nc3 Bg7 13. Qd2 h6 14. Ne4 Qe7
15. Nc3 g5 16. Bh5 O-O 17. h4 f5 18. f3 f4 19. Bf2 Nf6 20. Bg6 g4 21. fxg4 Nxg4
22. Ne4 Bf5 23. Bxf5 Rxf5 24. g3 Raf8 25. Qe2 Nxf2 26. Qxf2 fxg3 27. Qxg3 Rf4
28. Rxf4 Rxf4 29. Nf2 Qxh4 30. Qxh4 Rxh4 31. c3 Kf7 32. Kg2 b5 33. Rc1 Kg6 34.
b3 Kf5 35. c4 bxc4 36. bxc4 e4 37. c5 dxc5 38. Rxc5 e3 39. Nd3 Rd4 40. Nc1 Ke4
41. Rc7 Rd2+ 42. Kf1 Be5 43. Rc6 Kf3 0-1

[Event "11. Lichtenberger Sommer"]
[Site "Berlin"]
[Date "2012.08.20"]
[Round "3.60"]
[White "Kupfer, Michael"]
[Black "Schrodt, Horst"]
[Result "1-0"]
[WhiteElo "2021"]
[BlackElo "1730"]
[PlyCount "39"]
[EventDate "2012.??.??"]
[WhiteTeam "SC Friesen Lichtenberg e.V."]
[BlackTeam "SC Eintracht Berlin e.V."]

1. e4 c6 2. c4 d5 3. exd5 cxd5 4. cxd5 Qxd5 5. Nc3 Qd8 6. Nf3 Nf6 7. Bc4 e6 8.
O-O Be7 9. d4 O-O 10. Re1 Nbd7 11. Bb3 h6 12. Bc2 b6 13. Bf4 Bb7 14. Qd3 Re8
15. Ne5 Nf8 16. Bxh6 Nh5 17. Qh3 gxh6 18. Qxh5 Bg5 19. Qxf7+ Kh8 20. Bh7 1-0

[Event "11. Lichtenberger Sommer"]
[Site "Berlin"]
[Date "2012.08.20"]
[Round "3.61"]
[White "Schmidt, Jürgen"]
[Black "Engelhardt, Erhard"]
[Result "1-0"]
[WhiteElo "2055"]
[BlackElo "1847"]
[PlyCount "53"]
[EventDate "2012.??.??"]
[WhiteTeam "SC Kreuzberg e.V."]
[BlackTeam "SSV Rotation Berlin e.V."]

1. e4 d5 2. exd5 Qxd5 3. Nf3 Nf6 4. d4 Bg4 5. Be2 c6 6. O-O e6 7. c4 Qd6 8. Nc3
Nbd7 9. d5 exd5 10. cxd5 Nxd5 11. Nxd5 Qxd5 12. Qa4 Be6 13. Rd1 Nb6 14. Qh4 Be7
15. Bg5 Bxg5 16. Nxg5 Qf5 17. Nxe6 fxe6 18. Bh5+ g6 19. Bg4 Qf4 20. g3 g5 21.
Qh3 Qf6 22. Bxe6 Rd8 23. Qh5+ Qg6 24. Qe2 Rxd1+ 25. Rxd1 Kf8 26. Qe5 Qg7 27.
Rd8+ 1-0

[Event "11. Lichtenberger Sommer"]
[Site "Berlin"]
[Date "2012.08.20"]
[Round "3.62"]
[White "Meyer, Willfried"]
[Black "Hohn, August"]
[Result "1-0"]
[WhiteElo "1807"]
[BlackElo "2004"]
[PlyCount "45"]
[EventDate "2012.??.??"]
[WhiteTeam "SC Zugzwang 95 e.V."]
[BlackTeam "SC Zugzwang 95 e.V."]

1. e4 c6 2. d4 d5 3. Nc3 dxe4 4. f3 exf3 5. Nxf3 Be6 6. Bd3 Nf6 7. O-O Nbd7 8.
Ng5 Bd5 9. Nxd5 cxd5 10. Nxf7 Kxf7 11. Qh5+ Kg8 12. Bf5 Qb6 13. Qh3 h6 14. Be6+
Kh7 15. Bxh6 Qxe6 16. Qxe6 gxh6 17. Rae1 Rg8 18. Rf3 Bg7 19. Qf5+ Kh8 20. Rxe7
Rae8 21. Rfe3 Ne4 22. Rxe8 Rxe8 23. Qxd7 1-0

[Event "11. Lichtenberger Sommer"]
[Site "Berlin"]
[Date "2012.08.20"]
[Round "3.63"]
[White "Richter, Götz"]
[Black "Kurbel, Horst-Peter"]
[Result "1-0"]
[WhiteElo "2019"]
[BlackElo "1865"]
[PlyCount "77"]
[EventDate "2012.??.??"]
[WhiteTeam "Klub Kölner Schachfreunde e.V. 1"]
[BlackTeam "FC Bayern München e.V."]

1. e4 c5 2. Nf3 d6 3. d4 cxd4 4. Nxd4 Nf6 5. Nc3 a6 6. Be3 e5 7. Nb3 Be6 8. Qd2
Nbd7 9. f3 b5 10. a4 b4 11. Nd5 Bxd5 12. exd5 a5 13. Bb5 h5 14. O-O Be7 15. c3
bxc3 16. bxc3 O-O 17. c4 Qc7 18. Rfd1 Rfc8 19. Rac1 Bd8 20. Qe2 Qb8 21. Rb1 Bb6
22. Bc6 Bxe3+ 23. Qxe3 Qa7 24. Kf2 Qxe3+ 25. Kxe3 Ra7 26. Rdc1 Nb8 27. Bb5 Nbd7
28. Kf2 Nc5 29. Nxc5 dxc5 30. Re1 e4 31. fxe4 Ng4+ 32. Kg3 Ne5 33. Rf1 f6 34.
Rf5 Rb8 35. Rxh5 Nxc4 36. Bxc4 Rxb1 37. d6+ Rf7 38. Rxc5 Rb8 39. Rc7 1-0

[Event "11. Lichtenberger Sommer"]
[Site "Berlin"]
[Date "2012.08.20"]
[Round "3.64"]
[White "Lohse, Steffen"]
[Black "Jaeger, Andre"]
[Result "0-1"]
[WhiteElo "1928"]
[BlackElo "2002"]
[PlyCount "46"]
[EventDate "2012.??.??"]
[WhiteTeam "SV Osram e.V."]
[BlackTeam "SC Rochade e.V."]

1. d4 Nf6 2. e3 g6 3. c3 Bg7 4. f4 O-O 5. Nf3 d6 6. Nbd2 c5 7. Bd3 Nc6 8. Ne4
cxd4 9. exd4 e5 10. Nxf6+ Bxf6 11. fxe5 dxe5 12. dxe5 Nxe5 13. Nxe5 Bxe5 14.
O-O Qc7 15. g3 Bh3 16. Bf4 Bxf1 17. Bxe5 Qxe5 18. Qxf1 Qe3+ 19. Kh1 Rad8 20.
Rd1 Rd7 21. Bc2 Rxd1 22. Qxd1 Re8 23. Qd7 Qf3+ 0-1

[Event "11. Lichtenberger Sommer"]
[Site "Berlin"]
[Date "2012.08.20"]
[Round "3.65"]
[White "Casny, Guenter"]
[Black "Scheide, Helmut"]
[Result "0-1"]
[WhiteElo "1860"]
[BlackElo "1998"]
[PlyCount "44"]
[EventDate "2012.??.??"]
[WhiteTeam "SC Rochade e.V."]
[BlackTeam "USV Potsdam e.V., Abt. Schach"]

1. e4 e5 2. Nf3 Nc6 3. Be2 Nf6 4. d3 Be7 5. b3 d5 6. exd5 Nxd5 7. Bb2 Nf4 8.
Rg1 Nxe2 9. Qxe2 O-O 10. h3 Re8 11. Nbd2 Nd4 12. Qd1 Bf5 13. Kf1 Nxc2 14. Ne4
Nxa1 15. Bxa1 Bxe4 16. Nxe5 Bf6 17. f4 Bxe5 18. fxe5 Qxd3+ 19. Qxd3 Bxd3+ 20.
Kf2 Rad8 21. Bc3 Bg6 22. Re1 Rd3 0-1

[Event "11. Lichtenberger Sommer"]
[Site "Berlin"]
[Date "2012.08.20"]
[Round "3.66"]
[White "Schmidek, Emil"]
[Black "Boeck, Rüdiger"]
[Result "0-1"]
[WhiteElo "1836"]
[BlackElo "1845"]
[PlyCount "68"]
[EventDate "2012.??.??"]
[WhiteTeam "TuS Makkabi Berlin e.V."]
[BlackTeam "SC Weisse Dame Ulm e.V."]

1. e4 e5 2. Nf3 Nc6 3. Bb5 a6 4. Ba4 Nf6 5. O-O b5 6. Bb3 Be7 7. Re1 d6 8. c3
O-O 9. d3 Bg4 10. Nbd2 Na5 11. Bc2 c5 12. Nf1 h6 13. h3 Bh5 14. Ng3 Bg6 15. Nh4
Nc6 16. Nhf5 d5 17. Qf3 d4 18. a4 dxc3 19. bxc3 b4 20. Rb1 bxc3 21. Rb7 Bd6 22.
Bxh6 gxh6 23. Nxh6+ Kh7 24. Ngf5 Nd4 25. Qg3 Nh5 26. Qg4 Nxc2 27. Nxf7 Rxf7 28.
Nh4 Qf6 29. Rxf7+ Qxf7 30. Rc1 Nf6 31. Qd1 Nd4 32. Rxc3 Nh5 33. Qg4 Nf6 34. Qd1
Rg8 0-1

[Event "11. Lichtenberger Sommer"]
[Site "Berlin"]
[Date "2012.08.20"]
[Round "3.67"]
[White "Lieder, Günter"]
[Black "Muskewitz, Bernd"]
[Result "1-0"]
[WhiteElo "1862"]
[BlackElo "1992"]
[PlyCount "79"]
[EventDate "2012.??.??"]
[WhiteTeam "SK Turm Bad Hersfeld"]
[BlackTeam "TSG Oberschöneweide e.V."]

1. e4 c5 2. Nf3 e6 3. b3 Nc6 4. Bb2 Nf6 5. e5 Nd5 6. Bb5 Be7 7. O-O O-O 8. Bxc6
dxc6 9. d3 b5 10. Nbd2 Bb7 11. Re1 Qd7 12. Re4 a5 13. Rg4 Rfd8 14. Rc1 Nb6 15.
Qe2 a4 16. Rg3 axb3 17. axb3 Ra2 18. Rb1 Nd5 19. Qe4 h6 20. Qg4 Bf8 21. Ne4
Rda8 22. h3 Qe7 23. Nf6+ Kh8 24. Nh5 g6 25. c4 Nc7 26. Nf6 Bg7 27. Qh4 Ne8 28.
Nd2 Rxb2 29. Rxb2 Nxf6 30. exf6 Qxf6 31. Qxf6 Bxf6 32. Rb1 Ra2 33. Ne4 Bd4 34.
Rf3 f5 35. Nd6 Ba8 36. Re1 e5 37. Nf7+ Kg7 38. Nxe5 Bb7 39. g4 Rb2 40. Nd7 1-0

[Event "11. Lichtenberger Sommer"]
[Site "Berlin"]
[Date "2012.08.20"]
[Round "3.69"]
[White "Reiche, Henry"]
[Black "Jeremic, Nemanja"]
[Result "1-0"]
[WhiteElo "2004"]
[BlackElo "1649"]
[PlyCount "101"]
[EventDate "2012.??.??"]
[WhiteTeam "SC Zugzwang 95 e.V."]
[BlackTeam "BSC Rehberge 1945 e.V."]

1. e4 e5 2. Nf3 Nf6 3. Nxe5 d6 4. Nf3 Nxe4 5. Be2 Be7 6. d3 Nf6 7. Nc3 Nc6 8.
O-O O-O 9. h3 b6 10. b3 Bb7 11. Bb2 Re8 12. Qd2 Bf8 13. Rae1 g6 14. Nh2 Bg7 15.
Nd1 Ne5 16. f4 Ned7 17. f5 Ne5 18. fxg6 fxg6 19. Nf2 Qd7 20. d4 Nf7 21. Nfg4
Ne4 22. Qd1 Re7 23. Ba1 Rae8 24. d5 Nc3 25. Bxc3 Bxc3 26. Nf6+ Bxf6 27. Rxf6
Re5 28. c4 Qe7 29. Rf2 Ng5 30. Ng4 Ne4 31. Rf3 Nc3 32. Rxc3 Rxe2 33. Rxe2 Qxe2
34. Qd4 Re6 35. Nh6+ Kf8 36. Rf3+ Ke8 37. Qh8+ Kd7 38. Qxh7+ Re7 39. Qxg6 Qe1+
40. Kh2 Qe5+ 41. Qg3 c6 42. Qxe5 dxe5 43. dxc6+ Bxc6 44. Rf7 Be4 45. Rxe7+ Kxe7
46. Ng4 Kd6 47. b4 Bb1 48. a3 e4 49. Kg3 Bd3 50. Ne3 a5 51. Kf4 1-0

[Event "11. Lichtenberger Sommer"]
[Site "Berlin"]
[Date "2012.08.20"]
[Round "3.70"]
[White "Müller, Johannes"]
[Black "Lämmel, Sebastian"]
[Result "0-1"]
[WhiteElo "1896"]
[BlackElo "1888"]
[PlyCount "141"]
[EventDate "2012.??.??"]
[WhiteTeam "SC Eintracht Berlin e.V."]
[BlackTeam "SV Cranzahl 1962"]

1. e4 e6 2. c3 d5 3. e5 c5 4. d4 Nc6 5. Nf3 Qb6 6. Be2 Nh6 7. O-O cxd4 8. cxd4
Nf5 9. Be3 Qxb2 10. Nbd2 Qc3 11. Rc1 Nxe3 12. Rxc3 Nxd1 13. Rxd1 Be7 14. Rb1
O-O 15. Ba6 Nxd4 16. Nxd4 bxa6 17. Rc6 Bd8 18. N2b3 Bb7 19. Rd6 Bb6 20. Rd7
Rab8 21. Rc1 Rfd8 22. Rxd8+ Rxd8 23. Nc6 Bxc6 24. Rxc6 Kf8 25. Kf1 Ke7 26. a4
a5 27. Nc5 d4 28. Ke2 Rd5 29. Nd3 Kd7 30. Rc4 Bc7 31. f4 f6 32. Nc5+ Ke7 33.
exf6+ gxf6 34. Nxe6 d3+ 35. Kd2 Bd6 36. Nc7 Rf5 37. g3 Kd7 38. Nb5 Rh5 39. h4
Bb4+ 40. Kxd3 a6 41. Nd4 Be1 42. Ne2 Kd6 43. Ke4 f5+ 44. Kf3 Kd5 45. Rc7 Bb4
46. Ng1 Bc5 47. Nh3 Kc4 48. Ng5 Kb4 49. Nxh7 Bd4 50. Ng5 Bh8 51. Rc6 Kxa4 52.
Rc5 Kb4 53. Rxf5 a4 54. Rd5 a3 55. Kg4 Rh6 56. f5 a2 57. Rd1 a1=Q 58. Rxa1 Bxa1
59. Ne4 Bf6 60. Nxf6 Rxf6 61. Kg5 Rf8 62. h5 a5 63. h6 a4 64. h7 a3 65. Kg6 a2
66. g4 a1=Q 67. g5 Qh8 68. f6 Kc5 69. Kh6 Rxf6+ 70. gxf6 Qxf6+ 71. Kh5 0-1

[Event "11. Lichtenberger Sommer"]
[Site "Berlin"]
[Date "2012.08.20"]
[Round "3.71"]
[White "Rauscher, Joachim"]
[Black "Keusch, Horst"]
[Result "0-1"]
[WhiteElo "1866"]
[BlackElo "2003"]
[PlyCount "95"]
[EventDate "2012.??.??"]
[WhiteTeam "SC Brett vor'm Kopp Ffm"]
[BlackTeam "SC Friesen Lichtenberg e.V."]

1. e4 g6 2. d4 c6 3. Nf3 d5 4. e5 Bg7 5. Bd3 Nh6 6. O-O O-O 7. c3 f6 8. Re1 Nf7
9. Qc2 fxe5 10. dxe5 c5 11. e6 Nd6 12. Qe2 Nc6 13. Bg5 Nf5 14. Nbd2 c4 15. Bc2
b5 16. Rad1 Qa5 17. Nf1 b4 18. cxb4 Nxb4 19. Bxf5 Rxf5 20. Bxe7 Nd3 21. Rxd3
cxd3 22. Qxd3 Ba6 23. Qd1 Re8 24. b4 Qxa2 25. Bc5 Bxf1 26. Kxf1 a5 27. Kg1 axb4
28. Bxb4 Qc4 29. Bd6 Qa6 30. g4 Rf6 31. Qxd5 Kh8 32. Ng5 h6 33. Nf3 Qa4 34. h3
Qa6 35. Nh4 Kh7 36. Ng2 Bf8 37. Bxf8 Rfxf8 38. e7 Rf6 39. Nh4 Qd6 40. Qb7 Rf7
41. Qb3 Rexe7 42. Rd1 Qf6 43. Qg3 Rc7 44. Rd6 Qa1+ 45. Kg2 Rc1 46. Nf3 Rh1 47.
Qe5 Qf1+ 48. Kg3 0-1

[Event "11. Lichtenberger Sommer"]
[Site "Berlin"]
[Date "2012.08.20"]
[Round "3.72"]
[White "Herrmann, Eberhard"]
[Black "Matitschka, Heinz"]
[Result "0-1"]
[WhiteElo "1859"]
[BlackElo "1870"]
[PlyCount "132"]
[EventDate "2012.??.??"]
[WhiteTeam "SC Friesen Lichtenberg e.V."]
[BlackTeam "TSG Oberschöneweide e.V."]

1. e4 e6 2. Nc3 d5 3. Nf3 c5 4. Bb5+ Bd7 5. Bxd7+ Qxd7 6. O-O d4 7. Ne2 Nc6 8.
d3 Nf6 9. a3 Bd6 10. h3 O-O-O 11. Bd2 Ne5 12. Nxe5 Bxe5 13. f4 Bc7 14. b4 c4
15. Ng3 c3 16. Be1 h5 17. e5 Nd5 18. Qf3 Ne3 19. Rf2 Qa4 20. Ra2 h4 21. Ne4 Nf5
22. Rf1 Rd5 23. Bf2 a5 24. Rb1 b6 25. bxa5 Rxa5 26. Kh2 Rb5 27. Qd1 Kd7 28.
Raa1 Rxb1 29. Qxb1 Ra8 30. Kg1 Ra5 31. Ra2 Rb5 32. Qa1 Bd8 33. Kf1 Be7 34. Ke2
Ra5 35. Qb1 b5 36. Kf3 b4 37. Kg4 Kc7 38. Kf3 bxa3 39. Nxc3 Qc6+ 40. Ne4 Rb5
41. Qa1 Qd5 42. c4 dxc3 43. Qxc3+ Qc6 44. Qd2 Kd7 45. Rc2 Qb7 46. Ke2 Rb2 47.
Qc3 Rxc2+ 48. Qxc2 Qb2 49. Qxb2 axb2 50. Nc3 Bb4 51. Nb1 Kc6 52. Kd1 Bc5 53.
Be1 Ne3+ 54. Ke2 Nf5 55. Kd1 Kd5 56. Kc2 Bd4 57. Kd2 Be3+ 58. Kc2 Bxf4 59. Kxb2
Bxe5+ 60. Kc1 Bf4+ 61. Kb2 Kd4 62. Kc2 Ne3+ 63. Kb3 Nxg2 64. Bc3+ Kxd3 65. Bxg7
Bg5 66. Be5 Nf4 0-1

[Event "11. Lichtenberger Sommer"]
[Site "Berlin"]
[Date "2012.08.20"]
[Round "3.73"]
[White "Schwedek, Tony"]
[Black "Wierzbicki, Jirawat"]
[Result "1/2-1/2"]
[WhiteElo "1862"]
[BlackElo "1584"]
[PlyCount "91"]
[EventDate "2012.??.??"]
[WhiteTeam "SC Zitadelle Spandau 1977 e.V."]
[BlackTeam "TuS Makkabi Berlin e.V."]

1. c4 e5 2. g3 Nf6 3. Nc3 d5 4. cxd5 Nxd5 5. Bg2 Nb6 6. Nf3 Nc6 7. O-O Be7 8.
a3 a5 9. Rb1 O-O 10. d3 Be6 11. Be3 Nd5 12. Bd2 Qd7 13. Nxd5 Bxd5 14. b4 axb4
15. axb4 f6 16. Qc2 Ra2 17. Rb2 Rfa8 18. b5 Nd8 19. Rfb1 Nf7 20. Qc1 Ba3 21.
Rxa2 Bxa2 22. Qc2 Bxb1 23. Qxb1 Bc5 24. Ne1 Qd4 25. e3 Qa1 26. Qxa1 Rxa1 27.
Bxb7 Rb1 28. Kg2 Rxb5 29. Bd5 Kf8 30. Bc4 Rb2 31. Bc3 Rb8 32. Kf3 Nd6 33. Bd5
Bb4 34. Bxb4 Rxb4 35. Nc2 Rb5 36. e4 Rc5 37. Ne3 Nb5 38. Bc4 Na3 39. Bd5 Rc3
40. Ke2 Ke7 41. Nf5+ Kf8 42. Ne3 Rc5 43. Kf3 Nc2 44. Nxc2 Rxc2 45. h4 Rc5 46.
Bc4 1/2-1/2

[Event "11. Lichtenberger Sommer"]
[Site "Berlin"]
[Date "2012.08.20"]
[Round "3.74"]
[White "Köhler, Hans-Christian"]
[Black "Reiche, Andreas"]
[Result "0-1"]
[WhiteElo "1431"]
[BlackElo "1935"]
[PlyCount "88"]
[EventDate "2012.??.??"]
[WhiteTeam "Schachgemeinschaft 2011 Sennewit"]
[BlackTeam "SV Berolina Mitte e.V."]

1. Nf3 g6 2. d4 d5 3. Bf4 Bg7 4. e3 c5 5. c3 Qb6 6. Qb3 Qxb3 7. axb3 cxd4 8.
exd4 a6 9. Bd3 Nf6 10. Nbd2 O-O 11. O-O Nc6 12. Rfe1 h6 13. Ne5 Nxe5 14. Bxe5
Re8 15. h3 Nd7 16. Bxg7 Kxg7 17. Nf3 f6 18. Nh4 Nf8 19. f4 g5 20. fxg5 hxg5 21.
Nf5+ Bxf5 22. Bxf5 e6 23. Bg4 f5 24. Bf3 Rac8 25. Kf2 Ng6 26. g3 Kf6 27. Bh5
Rh8 28. Bxg6 Rxh3 29. Bxf5 Kxf5 30. Re5+ Kg4 31. Rg1 Rh2+ 32. Rg2 Rh1 33. Rg1
Rch8 34. Kg2 R1h3 35. Re3 R3h6 36. Rd3 Rf8 37. Re3 Rhf6 38. Re2 Rf3 39. Rd2
Rxg3+ 40. Kh1 Rh8+ 41. Rh2 Rxh2+ 42. Kxh2 Rxg1 43. Kxg1 Kg3 44. b4 b5 0-1